Normal view MARC view
  • Rivas Mercado, Antonieta,

Entry Nombre Personal

Number of records used in: 2

001 - NUMERO DE CONTROL

  • campo de control: 20054

003 - IDENTIFICADOR DE NUMERO DE CONTROL

  • campo de control: UPN

005 - FECHA Y HORA DE LA ÜLTIMA TRANSACCIÓN

  • campo de control: 20220821183755.0

008 - DATOS DE LONGITUD FIJA

  • campo de control de longitud fija: 220821nn acannaabn n aaa d

035 ## - NUMERO DE CONTROL

  • Número de control: UPN10000020063

040 ## - FUENTE DE CATALOGACIÓN

  • Lenguaje de catalogación: SPA
  • Agencia de transcripción: UPN
  • Agencia original de catalogación: UPN

100 1# - ENCABEZAMIENTO - NOMBRE PERSONAL

  • Nombre personal: Rivas Mercado, Antonieta,
  • Fechas asociadas con el nombre: 1898-1933

400 1# - VEÁSE - NOMBRE DE PERSONA

  • Personal name: Rivas Castellanos, Antonieta Valeria,
  • Dates associated with a name: 1900-1931

670 ## - FUENTE EN LA QUE SE LOCALIZARON DATOS

  • Cita de la fuente: T/P
  • Información localizada: Diccionario Porrúa de historia, biografía y geografía de México

902 ## - CATALOGADOR

  • Catalogador: BDV/280212